000
00330nam a22001577a 4500
003
SGT
020
_a
9788196396152
082
_a
615.34
_b
P21K
100
_a
KOKATE,C.K.
245
_a
PHARMACOGONOSY
250
_a
57TH
260
_a
PUNE
_b
NIRALI
_c
2021
300
_a
I-41,G16
650
_a
PHARMACOGONOSY
942
_2
ddc
_c
BK
_0
58
999
_c
22960
_d
22960